LEADER 01082nam0-22003131i-450 001 990004458810403321 005 20170327100349.0 035 $a000445881 035 $aFED01000445881 035 $a(Aleph)000445881FED01 035 $a000445881 100 $a19990530d1913----km-y0itay50------ba 101 0 $ager 105 $ay-------001yy 200 1 $aÜber die Pastoralbriese (1, 2. Tim Tit)$fHans Helmut Mayer 210 $aGottingen$cVandenhoeck und Ruprecht$d1913 215 $a89 p.$d19 cm 225 1 $aForschungen zur Religion und Literatur des Alten und Neuen Testaments / herausgegeben von Rud. Bultmann und Hermann Gunkel$v. 201 225 1 $aForschungen zur Religion und Literatur des Alten und Neuen Testaments$v3 610 $aPaolo santo - Lettere e carteggi - Sec. 1 676 $a225.09 700 1$aMayer,$bHans Helmut$0177871 801 0$aIT$bUNINA$gRICA$2UNIMARC 901 $aBK 912 $a990004458810403321 952 $a200/3 0305$bBibl. 51$fFLFBC 959 $aFLFBC 996 $aÜber die Pastoralbriese (1, 2. Tim Tit)$91469066 997 $aUNINA LEADER 01319cam a2200337 a 4500 001 991002419089707536 008 070508m2007 gw a 001 0 eng d 020 $a3540454691 (Berlin : v. 1) 020 $a3540454780 (Berlin : v. 2) 035 $ab13524239-39ule_inst 040 $aDip.to Fisica$beng 041 1 $aeng$hfre 082 04$a530.13 084 $aLC QC174.8 084 $a53.1.6 100 1 $aBalian, Roger$027028 245 10$aFrom microphysics to macrophysics :$bmethods and applications of statistical physics /$cRoger Balian ; translated by D. ter Haar and J.F. Gregg 250 $aStudy ed. 260 $aBerlin ;$aNew York :$bSpringer-Verlag,$cc2007 300 $a2 v. :$bill. ;$c24 cm 490 0 $aTheoretical and mathematical physics 500 $aIncludes indexes 650 0$aStatistical physics 650 0$aMicrophysics 907 $a.b13524239$b06-04-20$c08-05-07 912 $a991002419089707536 945 $aLE006 53.1.62 BAL$cVol. 1$g1$i2006000160223$lle006$op$pE51.95$q-$rl$s- $t0$u0$v0$w0$x0$y.i14446480$z08-05-07 945 $aLE006 53.1.62 BAL$cVol. 2$g1$i2006000160230$lle006$op$pE51.95$q-$rl$s- $t0$u1$v0$w1$x0$y.i14446492$z08-05-07 996 $aFrom microphysics to macrophysics$91221645 997 $aUNISALENTO 998 $ale006$b08-05-07$cm$da $e-$feng$ggw $h0$i0